| 000 | 01089cam a2200205 4500 | ||
|---|---|---|---|
| 001 | WB3835-17 | ||
| 008 | 020926n2002 000 0 eng u | ||
| 035 | _a(Sirsi) u119865 | ||
| 245 | _aManagement risk is critical to success of government projects | ||
| 260 | _c2002 | ||
| 490 |
_aRICS Project Management Faculty News _v26 September 2002, (1) |
||
| 520 | _aRecent policy guidance, from the OGC, 'Management of Risk: Guidance for Practitioners' has emphasised the need for improved risk management in public sector procurement to ensure that government projects are delivered on time and to budget. The guidance draws upon experience from a variety of experts form the public and private sectors.For the RICS Project Management News: http://www.rics.org/ricscms/bin/show?class=News&template=/includes/shownews.html&id=3744&faculty=Project%20Management&faculty=All%20Faculties | ||
| 590 | _aWB | ||
| 650 | _aOFFICE OF GOVERNMENT COMMERCE | ||
| 650 | _aRISK MANAGEMENT | ||
| 650 | _aPUBLIC SECTOR | ||
| 650 | _aPRIVATE SECTOR | ||
| 690 |
_aProject management _96261 |
||
| 942 | _n0 | ||
| 999 |
_c71242 _d71242 |
||